TB OF FORENSIC PHARMACY (Record no. 7315)

MARC details
000 -LEADER
fixed length control field 00304nam a2200133Ia 4500
008 - FIXED-LENGTH DATA ELEMENTS--GENERAL INFORMATION
fixed length control field 150301s2015 xx 000 0 und d
082 ## - DEWEY DECIMAL CLASSIFICATION NUMBER
Classification number 614.1
Item number F12C
100 ## - MAIN ENTRY--PERSONAL NAME
Personal name CHAURASIA
245 ## - TITLE STATEMENT
Title TB OF FORENSIC PHARMACY
260 ## - PUBLICATION, DISTRIBUTION, ETC. (IMPRINT)
Name of publisher, distributor, etc. CBS- DELHI
300 ## - PHYSICAL DESCRIPTION
Extent 480
650 ## - SUBJECT ADDED ENTRY--TOPICAL TERM
Topical term or geographic name as entry element PHARMACEUTICS
942 ## - ADDED ENTRY ELEMENTS (KOHA)
Source of classification or shelving scheme Dewey Decimal Classification
Koha item type Books
Koha issues (borrowed), all copies 1
Holdings
Withdrawn status Lost status Source of classification or shelving scheme Damaged status Not for loan Collection code Home library Current library Date acquired Source of acquisition Cost, normal purchase price SGTU Bill Number Total Checkouts Full call number Barcode Date last seen Date last checked out Bill Date Koha item type
    Dewey Decimal Classification     PHARMACY SGT FA-FP Library SGT FA-FP Library 02/07/2015 ABC-DELHI 350.00 SGTU 5588 8 614.1 F12C FP1317 25/03/2021 24/03/2021 04/04/2015 Books
    Dewey Decimal Classification     PHARMACY SGT FA-FP Library SGT FA-FP Library 02/07/2015 ABC-DELHI 350.00 SGTU 5588 9 614.1 F12C FP1318 02/06/2018 29/05/2018 04/04/2015 Books
    Dewey Decimal Classification     PHARMACY SGT FA-FP Library SGT FA-FP Library 02/07/2015 ABC-DELHI 350.00 SGTU 5588 6 614.1 F12C FP1319 18/09/2017 07/09/2017 04/04/2015 Books
    Dewey Decimal Classification     PHARMACY SGT FA-FP Library SGT FA-FP Library 02/07/2015 ABC-DELHI 350.00 SGTU 5588 9 614.1 F12C FP1320 30/03/2026 24/03/2026 04/04/2015 Books
    Dewey Decimal Classification     PHARMACY SGT FA-FP Library SGT FA-FP Library 02/07/2015 ABC-DELHI 350.00 SGTU 5588 10 614.1 F12C FP1321 17/02/2025 17/02/2025 04/04/2015 Books